000 01276nam a22002897a 4500
003 PE SENCICO BE
005 20260224174839.0
008 251113b |||||||| |||| 00| 0 eng d
020 _a978-84-342-3621-2
040 _aPE SENCICO BE
_cPE SENCICO BE
041 _aspa
082 _a747.9
_bB77
100 1 _aBou Romero, Louis
_940
_dautor
245 1 _aEscaparates del mundo /
_cLouis Bou Romero ; colaboración: Eva Minguet Cámara
250 _a[1a ed.]
260 _aBarcelona :
_bInstituto Monsa de Ediciones,
_c2006
300 _a253 páginas :
_bIlustraciones,
_c30 cm.
505 0 _aColorea tu vida -- Atravesando el cristal -- Luces encendidas -- Escaparate de fiesta --Al detalle -- Maniquíes
520 3 _aLos escaparates de las tiendas de las ciudades más importantes del mundo, Barcelona, Nueva York, Londres o Paris, constituyen un campo que interesa no sólo al comerciante, sino a cualquier transeúnte que aunque sea por unos segundos, fija su mirada en estos habitáculos llenos de sorpresas.
650 1 0 _aEscaparates
_9432
650 2 0 _aDecoración comercial
_9433
650 2 0 _aDiseño de interiores
_9315
650 2 0 _aTiendas
_9434
700 1 _aMinguet Cámara, Eva
_941
_ecolaboración
910 _ahfp
942 _2ddc
_cLIB
999 _c9760
_d9760